00374nam a22001457a 450000500170000000800410001702000180005804100080007608200180008410000290010224500250013126000430015630000140019965000150021320180613151634.0160512b xxu||||| |||| 00| 0 eng d a81-8054-499-0 aeng b1641a657.046 aGupta, R.L. Radhrwamy M. aAdvanced Accountancy aNew DelhibSultan Chand & Sons. c1972 aam III 55 aManagement